000
00316nam a22001217a 4500
008
160506b xxu||||| |||| 00| 0 eng d
020
_a
9780805391626
020
_a
0805391622
041
_a
eng
080
_a
61
245
_a
Medical dosage calculations:June Looby Olsen; Anthony Patrick Giangrasso;
942
_2
udc
_c
BK
999
_c
1840
_d
1840